Fr. Conceicao Rodrigues College of Engineering

fluid mechanics and hydraulic machines (Record no. 26118)

MARC details
000 -LEADER
fixed length control field 00276nam a2200133Ia 4500
082 ## - DEWEY DECIMAL CLASSIFICATION NUMBER
Classification number 532
Item number BAN
100 ## - MAIN ENTRY--PERSONAL NAME
Personal name Bansal/R.k
245 ## - TITLE STATEMENT
Title fluid mechanics and hydraulic machines
260 ## - PUBLICATION, DISTRIBUTION, ETC.
Name of publisher, distributor, etc. Laxmi
Date of publication, distribution, etc. 2000
300 ## - PHYSICAL DESCRIPTION
Extent 957
546 ## - LANGUAGE NOTE
Language note ENGLISH
654 ## - SUBJECT ADDED ENTRY--FACETED TOPICAL TERMS
Focus term Fluid
942 ## - ADDED ENTRY ELEMENTS (KOHA)
Koha item type BOOK
Holdings
Withdrawn status Lost status Damaged status Not for loan Collection Home library Current library Date acquired Total Checkouts Full call number Barcode Date last seen Price effective from Koha item type
        CRC Fr. Agnel's C.Rodrigues College of Engineering Fr. Agnel's C.Rodrigues College of Engineering 17/03/2023   532 BAN 11879 17/03/2023 17/03/2023 BOOK